Famous Fictional Dogs Quiz Stats

Quiz Updated Jul 22, 2015

Also try: Famous Cats
Challenge
Share
Tweet
Score 0/25 Timer 06:00
3 Plays Today
Dog Name % Correct
Snoopy
96.8%
Scooby Doo
96.7%
Pluto
94.5%
Lassie
88.7%
Clifford
84.3%
Blue
84.2%
Beethoven
80.7%
Scrappy Doo
79%
Bolt
75.8%
Brian
72.1%
Marley
71.6%
Gromit
70%
Odie
68.2%
Dog Name % Correct
Slinky Dog
67.1%
Toto
66.5%
Underdog
65.2%
Santa's Little Helper
62.7%
Buddy
61.9%
Ren
61.9%
Marmaduke
53.4%
Fluffy
53.2%
Astro
51.3%
Dug
44.8%
Courage
43.8%
McGruff
40.3%

You're not logged in!

Compare scores with friends on all Sporcle quizzes.
Join for Free
OR
Log In

You Might Also Like...

Show Comments

Extras

Top Quizzes Today


Score Distribution

Your Account Isn't Verified!

In order to create a playlist on Sporcle, you need to verify the email address you used during registration. Go to your Sporcle Settings to finish the process.

Report this User

Report this user for behavior that violates our Community Guidelines.

Details: